000 01151nam a2200289Ia 4500
005 20260522063941.0
008 150416s1968 ag 000 0 spa d
040 _aAR-MoUNM
_cAR-MoUNM
082 0 _a190
_220
_bLOWI 918
100 1 _921504
_aLöwith, Karl,
_d1897-1973.
245 1 3 _aDe Hegel a Nietzsche :
_bla quiebra revolucionaria del pensamiento en el siglo XIX: Marx y Kierkegaard /
_cKarl Löwith ; traducción, Emilio Estiú.
260 _aBuenos Aires :
_bSudamericana,
_c1968.
300 _a612 p. ;
_c20 cm.
490 0 _a(Biblioteca de filosofía)
500 _aTítulo original: Von Hegel zu Nietzsche.
600 1 _2unescot
_913818
_aGoethe, Johann Wolfgang von,
_d1749-1832.
600 1 _2unescot
_94970
_aHegel, Georg Wilhelm Friedrich,
_d1770-1831.
600 1 4 _aMarx, Karl,
_d1818-1883
_9116
600 1 _2unescot
_98593
_aNietzsche, Friedrich Wilhelm,
_d1844-1900.
650 7 _aFILOSOFIA
_2unescot
_9443
650 7 _aESCUELAS FILOSOFICAS
_92649
_2unescot
650 7 _aFILOSOFO
_91993
_2unescot
650 7 _aCULTURA
_2unescot
_91719
650 7 _aRELIGION
_91614
_2unescot
700 1 _920392
_aEstiú, Emilio.
_etr.
942 _cLIBRO
999 _c16925
_d16926